000 00438nam a2200169Ia 4500
008 221030s9999 xx 000 0 und d
020 _a8122416071
041 _aEnglish
082 _a105.23
_bGul
100 _aR. R. Gulati ( PR )
245 0 _aMonochrome & Colour Television ( PR )
_cby R. R. Gulati ( PR )
250 _a2nd
260 _bNew Age International Pub
_aNew Delhi
_c2006
300 _a688
650 _aECE
942 _cBK
999 _c1781
_d1781